Ultramar (Record no. 162427)

MARC details
000 -LEADER
campo de control de longitud fija 00922nam a22001935i 4500
001 - NÚMERO DE CONTROL
campo de control 162427
003 - IDENTIFICADOR DE NÚMERO DE CONTROL
campo de control ES-MaACL
005 - FECHA Y HORA DE LA ÚLTIMA TRANSACCIÓN
campo de control 20251114063123.0
008 - DATOS DE LONGITUD FIJA--INFORMACIÓN GENERAL
campo de control de longitud fija 990325s1877 po |||| | por d
100 1# - ENTRADA PRINCIPAL--NOMBRE DE PERSONA
Nombre de persona Horta, José Maria da Ponte e,
Fechas asociadas al nombre 1824-1892
9 (RLIN) 154454
245 10 - MENCIÓN DEL TÍTULO
Título Ultramar
Resto del título : theorias na metropole, práticas na África : terceira conferência /
Mención de responsabilidad, etc. José Maria da Ponte Horta.
260 ## - PUBLICACIÓN, DISTRIBUCIÓN, ETC.
Lugar de publicación, distribución, etc. Lisboa :
Nombre del editor, distribuidor, etc. [s.n.],
Fecha de publicación, distribución, etc. 1877 (
Fabricante Typ. da Academia)
300 ## - DESCRIPCIÓN FÍSICA
Extensión P. 136-161 ;
Dimensiones 24 cm.
595 ## -
-- Separata de: Conferências celebradas na Academia Real das Sciencias de Lisboa ácerca dos descobrimentos e colonizações dos portugueses na África, terceria conferencia.
651 #4 - PUNTO DE ACCESO ADICIONAL DE MATERIA--NOMBRE GEOGRÁFICO
Nombre geográfico Portugal-
Subdivisión general Colonias-
Subdivisión geográfica África.
9 (RLIN) 9250
710 2# - ENTRADA AGREGADA--NOMBRE DE ENTIDAD CORPORATIVA
Nombre de entidad corporativa o nombre de jurisdicción como elemento de entrada Academia das Ciências de Lisboa.
9 (RLIN) 1159
852 ## - LOCALIZACIÓN
Ubicación ES-MaACL
Número de control de estantería T-246-F-7
Nota libre - Enc. hol., falto de cub. original
-- - Enc. en un vol. facticio
Holdings
Estatus retirado Estado de pérdida Estado de daño No para préstamo Colección Biblioteca de origen Biblioteca actual Ubicación en estantería Fecha de adquisición Total de préstamos Signatura topográfica completa Código de barras Visto por última vez Precio de reemplazo Tipo de ítem Koha
        Colección de folletos Biblioteca del Ateneo de Madrid Biblioteca del Ateneo de Madrid Depósito folletos 17/01/2008   T-246-F-7 1170163 23/02/2023 23/02/2023 Folleto